000 00437nam a2200181Ia 4500
005 20240823045753.0
008 240823s9999||||xx |||||||||||||| ||und||
041 _aENGLISH
082 _A511.6076Q2
100 _aLovasz Caszlo
245 0 _aCOMBINATORIAL PROBLEMS AND EXERCISES
250 _a2nd
260 _c2012
_bUNiversity Science
500 _aYES
650 _aCombinatorics
_bMathematics
942 _cBK
999 _c215722
_d215722